Les gagnants de la Ligue des Champions - Clic Quiz - Statistiques

Statistiques générales
  • Ce quiz a été pris 5 229 fois
  • Le résultat moyen est 12 sur 23
Statistiques - réponses
Hint Réponse % Correct
2017 Real Madrid
72%
2018 Real Madrid
71%
2022 Real Madrid
71%
2016 Real Madrid
70%
2015 FC Barcelone
64%
2020 Bayern Munich
62%
2014 Real Madrid
61%
2019 Liverpool FC
60%
2021 Chelsea Football Club
54%
2007 AC Milan
53%
2009 FC Barcelone
52%
2013 Bayern Munich
51%
2008 Manchester United Football Club
51%
2011 FC Barcelone
50%
2010 Inter Milan
48%
2004 Futebol Clube do Porto
46%
2012 Chelsea Football Club
43%
2000 Real Madrid
40%
2002 Real Madrid
40%
2003 AC Milan
39%
2005 Liverpool FC
37%
2006 FC Barcelone
35%
2001 Bayern Munich
23%
Aucun quiz correspondant
Distribution des résultats
% des personnes avec chaque résultat
Percentile par nombre de réponses
Votre historique - résultats
Vous n’avez pas pris ce quiz